[Event "World Youth Open U18 2016"]
[Site "Khanty-Mansiysk RUS"]
[Date "2016.09.25"]
[Round "4.11"]
[White "Vergara Jofre, Felipe"]
[Black "Zakaryan, David"]
[Result "0-1"]
[BlackTitle "FM"]
[WhiteElo "2115"]
[BlackElo "2377"]
[WhiteFideId "3416291"]
[BlackFideId "24101923"]
[EventDate "2016.09.22"]

1. e4 c5 2. Nf3 e6 3. d4 cxd4 4. Nxd4 a6 5. Nc3 Qc7 6. Be2 Nf6 7. O-O Nc6 8. Be3
Be7 9. f4 d6 10. Qe1 O-O 11. Qg3 Nxd4 12. Bxd4 b5 13. a3 Bb7 14. Bd3 Rfd8 15.
Kh1 Nh5 16. Qh3 Bf6 17. Ne2 Bxd4 18. Nxd4 Nf6 19. Rae1 Qc5 20. c3 Qh5 21. Qxh5
Nxh5 22. e5 g6 23. Kg1 Rac8 24. g4 Ng7 25. f5 dxe5 26. Rxe5 f6 27. Re3 e5 28.
Ne6 Rd6 29. Nxg7 Kxg7 30. Be4 Bxe4 31. Rxe4 Rc4 32. Rfe1 gxf5 33. gxf5 Kh6 34.
Kf2 Rxe4 35. Rxe4 Kg5 36. Ke3 h5 37. a4 Kxf5 38. axb5 axb5 39. Rb4 Rd5 40. h3
Rc5 41. Kd3 Rd5+ 42. Ke3 Kg5 43. h4+ Kf5 44. b3 Ke6 45. c4 bxc4 46. Rxc4 Rb5 47.
b4 Kd5 48. Kd3 f5 49. Kc3 e4 50. Rc8 f4 51. Rh8 Ke6 52. Kc4 Rb7 53. Rh6+ Kf5 54.
Rxh5+ Kg4 55. Re5 e3 56. b5 Kxh4 57. Kd3 Kg4 58. Ke2 Rh7 59. b6 Rh2+ 60. Kd3 Rb2
61. Re6 Kf3 62. Kc3 Rb1 63. Kc2 Rb5 64. Kd3 Kf2 65. Re4 f3 66. Re6 e2 67. Kd2
Rxb6 68. Re5 Rd6+ 0-1

[Event "World Youth Open U18 2016"]
[Site "Khanty-Mansiysk RUS"]
[Date "2016.09.25"]
[Round "4.12"]
[White "Sukovic, Andrej"]
[Black "Thybo, Jesper Sondergaard"]
[Result "0-1"]
[BlackTitle "FM"]
[WhiteElo "2114"]
[BlackElo "2358"]
[WhiteFideId "16502310"]
[BlackFideId "1438832"]
[EventDate "2016.09.22"]

1. e4 e5 2. Nf3 Nc6 3. Bb5 Nf6 4. O-O Nxe4 5. Re1 Nd6 6. Nxe5 Be7 7. Bf1 O-O 8.
Nf3 Ne8 9. d4 d5 10. Bf4 Nf6 11. Nbd2 Bd6 12. Bg3 Bxg3 13. hxg3 Bf5 14. Bd3 Bxd3
15. cxd3 Qd6 16. a3 a5 17. Nb3 a4 18. Nbd2 Rfe8 19. Qc2 g6 20. Rxe8+ Nxe8 21.
Nf1 Ng7 22. Ne3 Ne6 23. Qc3 Ra6 24. b4 Na7 25. Ng4 Qe7 26. Re1 Nb5 27. Qc1 h5
28. Nge5 Kg7 29. Qe3 Nxa3 30. Re2 Nb5 31. g4 a3 32. gxh5 a2 33. hxg6 a1=Q+ 34.
Kh2 Nbxd4 35. Nxf7 Nxf3+ 36. gxf3 Qh4+ 0-1

[Event "World Youth Open U18 2016"]
[Site "Khanty-Mansiysk RUS"]
[Date "2016.09.25"]
[Round "4.13"]
[White "Nguyen, Hoang Duc"]
[Black "Escalante Ramirez, Brian Sebasti"]
[Result "1-0"]
[BlackTitle "FM"]
[WhiteElo "1874"]
[BlackElo "2302"]
[WhiteFideId "12403865"]
[BlackFideId "3819566"]
[EventDate "2016.09.22"]

1. d4 Nf6 2. c4 g6 3. Nc3 Bg7 4. g3 O-O 5. Bg2 d6 6. Nf3 Nbd7 7. O-O e5 8. b4
exd4 9. Nxd4 Nb6 10. c5 dxc5 11. bxc5 Nbd5 12. Nxd5 Nxd5 13. e3 c6 14. Bd2 Nc7
15. Ba5 Qe7 16. Rc1 Ne6 17. Qa4 Re8 18. Nb3 Ng5 19. h4 Ne4 20. Qc4 Nf6 21. Nd2
Be6 22. Qc2 b6 23. Bc3 Qxc5 24. Qb2 Qe7 25. Bxc6 Bh3 26. Rfe1 Rac8 27. Bxe8 Rxe8
28. e4 h6 29. Bd4 Be6 30. Re3 Kh7 31. Rec3 Nh5 32. Bxg7 Nxg7 33. Rc7 Qd6 34.
Rxa7 Nh5 35. Nf1 Qd3 36. Qe5 Qf3 37. Rc3 Qd1 38. Qb5 Rd8 39. Qxb6 Rd6 40. Qb5
Qa1 41. Rd3 Rxd3 42. Qxd3 Nf6 43. Kg2 Ng4 44. Ne3 Ne5 45. Qd1 Qc3 46. Qd6 Bg4
47. Qf6 Bf3+ 48. Kh2 Qc5 49. Ra8 1-0

[Event "World Youth Open U18 2016"]
[Site "Khanty-Mansiysk RUS"]
[Date "2016.09.25"]
[Round "4.14"]
[White "Bayramov, Zaur"]
[Black "Song, Michael"]
[Result "1/2-1/2"]
[BlackTitle "FM"]
[WhiteElo "2297"]
[BlackElo "2413"]
[WhiteFideId "13405080"]
[BlackFideId "2613190"]
[EventDate "2016.09.22"]

1. c4 c5 2. Nc3 g6 3. g3 Bg7 4. Bg2 Nc6 5. Nf3 e5 6. d3 Nge7 7. Bd2 d6 8. a3 O-O
9. Rb1 a5 10. O-O Rb8 11. Ne1 Be6 12. Nc2 d5 13. cxd5 Nxd5 14. Nxd5 Bxd5 15.
Bxd5 Qxd5 16. b4 axb4 17. axb4 Nxb4 18. Nxb4 cxb4 19. Rxb4 Rfc8 20. Rb6 Qa2 21.
Be3 Rc2 22. Qb1 Rxe2 23. Qxa2 Rxa2 24. Rfb1 Ra3 25. Rxb7 Rxb7 26. Rxb7 Bf6 27.
Rd7 Kf8 28. Kg2 Ke8 29. Rd5 Ra6 30. d4 e4 31. Rb5 Ra4 32. Rb8+ Ke7 33. Rb1 Ke8
34. Rb8+ 1/2-1/2

[Event "World Youth Open U18 2016"]
[Site "Khanty-Mansiysk RUS"]
[Date "2016.09.25"]
[Round "4.15"]
[White "Vaishali, R"]
[Black "Marek, Matyas"]
[Result "1-0"]
[WhiteTitle "WIM"]
[BlackTitle "FM"]
[WhiteElo "2295"]
[BlackElo "2381"]
[WhiteFideId "5091756"]
[BlackFideId "335398"]
[EventDate "2016.09.22"]

1. e4 c5 2. Nf3 d6 3. d4 cxd4 4. Nxd4 Nf6 5. Nc3 a6 6. h3 e6 7. g4 h6 8. Bg2 Be7
9. Be3 Nc6 10. Qe2 Nxd4 11. Bxd4 e5 12. Be3 Be6 13. Nd5 Bxd5 14. exd5 Nd7 15.
O-O-O Bg5 16. Kb1 Bxe3 17. Qxe3 Qh4 18. Be4 O-O 19. Rdg1 Nc5 20. f3 a5 21. g5 h5
22. g6 f5 23. Bd3 e4 24. fxe4 fxe4 25. Be2 Rf5 26. Bg4 Rxd5 27. Qe2 Re5 28. Qc4+
Kh8 29. Rf1 e3 30. Rf7 hxg4 31. Qf1 Kg8 32. hxg4 e2 33. Rxg7+ Kxg7 34. Qf7+ Kh6
35. Rxh4+ Kg5 36. Rh5+ Kxg4 37. Rxe5 dxe5 38. Qf2 Kg5 39. Qxe2 Kxg6 40. Qg2+ Kh7
41. Qh2+ 1-0

[Event "World Youth Open U18 2016"]
[Site "Khanty-Mansiysk RUS"]
[Date "2016.09.25"]
[Round "4.16"]
[White "Wu, Christopher"]
[Black "Meunier, Clement2"]
[Result "0-1"]
[WhiteTitle "FM"]
[BlackTitle "FM"]
[WhiteElo "2377"]
[BlackElo "2290"]
[WhiteFideId "2040875"]
[BlackFideId "20667930"]
[EventDate "2016.09.22"]

1. e4 e5 2. Nf3 Nc6 3. Bb5 a6 4. Ba4 Nf6 5. O-O Be7 6. Re1 b5 7. Bb3 d6 8. c3
O-O 9. h3 Na5 10. Bc2 c5 11. d4 Qc7 12. Nbd2 cxd4 13. cxd4 Re8 14. b3 Nc6 15.
Bb2 Bb7 16. Rc1 Qb6 17. Qe2 exd4 18. Nxd4 Nxd4 19. Qe3 Ne2+ 20. Qxe2 Nd7 21. Nf3
Bf6 22. Bxf6 Nxf6 23. Nh4 Rac8 24. Qf3 Re5 25. Nf5 Rce8 26. Qg3 g6 27. Red1 d5
28. exd5 Nxd5 29. Nd4 b4 30. Nf3 Nc3 31. Qxe5 Rxe5 32. Nxe5 Ne2+ 33. Kf1 Nxc1
34. Rxc1 Qc7 35. Ng4 f5 36. Ne3 f4 37. Nc4 f3 38. g3 Qc8 39. h4 a5 40. Rd1 Ba6
41. Bd3 Kg7 42. Kg1 0-1

[Event "World Youth Open U18 2016"]
[Site "Khanty-Mansiysk RUS"]
[Date "2016.09.25"]
[Round "4.17"]
[White "Urazayev, Arystanbek"]
[Black "Patrascu, Catalin-Lucian"]
[Result "1-0"]
[WhiteTitle "CM"]
[BlackTitle "FM"]
[WhiteElo "2377"]
[BlackElo "2263"]
[WhiteFideId "13709810"]
[BlackFideId "1229052"]
[EventDate "2016.09.22"]

1. e4 c6 2. d4 d5 3. Nd2 dxe4 4. Nxe4 Nd7 5. Ng5 Ngf6 6. Bd3 e6 7. N1f3 Bd6 8.
Qe2 h6 9. Ne4 Nxe4 10. Qxe4 Qe7 11. Qg4 Kf8 12. O-O b6 13. Bd2 Bb7 14. Rfe1 c5
15. Qh3 Re8 16. Ng5 Nf6 17. Bg6 Bxh2+ 18. Kh1 Ng4 19. Nxe6+ fxe6 20. Qxg4 Bd5
21. dxc5 h5 22. Qh3 h4 23. Be4 1-0

[Event "World Youth Open U18 2016"]
[Site "Khanty-Mansiysk RUS"]
[Date "2016.09.25"]
[Round "4.18"]
[White "Huber, Martin Christian"]
[Black "Barp, Alberto"]
[Result "1/2-1/2"]
[WhiteTitle "FM"]
[BlackTitle "FM"]
[WhiteElo "2356"]
[BlackElo "2244"]
[WhiteFideId "1623435"]
[BlackFideId "872555"]
[EventDate "2016.09.22"]

1. d4 d5 2. c4 e6 3. Nf3 c6 4. e3 Nf6 5. Nbd2 Nbd7 6. Bd3 Bd6 7. O-O O-O 8. e4
dxe4 9. Nxe4 Nxe4 10. Bxe4 h6 11. b3 e5 12. Bc2 exd4 13. Qxd4 Bc5 14. Qc3 Re8
15. Bb2 Nf6 16. h3 Qb6 17. Rad1 Be6 18. Nd4 Rad8 19. Nxe6 Rxd1 20. Bxd1 Rxe6 21.
Bf3 Rd6 22. Qc2 Qd8 23. Bc3 Bd4 24. Bd2 b6 25. Bf4 Re6 26. Rd1 c5 1/2-1/2

[Event "World Youth Open U18 2016"]
[Site "Khanty-Mansiysk RUS"]
[Date "2016.09.25"]
[Round "4.19"]
[White "Rajdeep, Sarkar"]
[Black "Sadubayev, Airat"]
[Result "1/2-1/2"]
[WhiteTitle "FM"]
[WhiteElo "2347"]
[BlackElo "2231"]
[WhiteFideId "25007963"]
[BlackFideId "13713264"]
[EventDate "2016.09.22"]

1. Nf3 Nf6 2. g3 g6 3. Bg2 Bg7 4. O-O O-O 5. d4 c5 6. c4 cxd4 7. Nxd4 Nc6 8. Nc3
Qa5 9. Nc2 d6 10. Bd2 Qh5 11. e4 Be6 12. Qxh5 Nxh5 13. b3 Rfc8 14. Rac1 Nf6 15.
f4 Rab8 16. Ne2 a6 17. Ne3 Ng4 18. Nxg4 Bxg4 19. Nc3 Be6 20. f5 Bd4+ 21. Kh1 Bd7
22. Nd5 f6 23. Bc3 Bxc3 24. Rxc3 Kf7 25. Nb6 Rd8 26. Bh3 g5 27. Rb1 Ne5 28. b4
Bc6 29. Bg2 Nd7 30. Nxd7 Bxd7 31. Kg1 Rdc8 32. Rbc1 Rc7 33. Kf2 Rbc8 34. Ke3 b6
35. Kd4 e5+ 36. fxe6+ Bxe6 37. Bf1 Ke7 38. Ra3 Ra7 39. Be2 h6 40. Rb1 Rcc7 41.
h4 Kf7 42. hxg5 hxg5 43. Rh1 Kg7 44. Bd3 Bg8 45. Rh2 Re7 46. Rc3 Re5 47. Rc1
Rae7 48. Rch1 Re8 49. a4 R8e7 50. Ra1 Bf7 51. a5 bxa5 52. Rxa5 Rxa5 53. bxa5 Re5
54. Rb2 Rxa5 55. Rb6 Kf8 56. Rxd6 Ke7 57. Rb6 Be6 58. c5 Ra4+ 59. Ke3 Bc4 60.
Rb7+ Ke6 61. Bc2 Ra2 62. Bd1 Ra3+ 63. Kd4 1/2-1/2

[Event "World Youth Open U18 2016"]
[Site "Khanty-Mansiysk RUS"]
[Date "2016.09.25"]
[Round "4.20"]
[White "Khusenkhojaev, Mustafokhuja"]
[Black "Toma, Radu-Cristian"]
[Result "1/2-1/2"]
[WhiteElo "2212"]
[BlackElo "2343"]
[WhiteFideId "14700727"]
[BlackFideId "1217992"]
[EventDate "2016.09.22"]

1. d4 d5 2. c4 dxc4 3. Nf3 Nf6 4. e3 a6 5. Bxc4 e6 6. a4 c5 7. O-O Nbd7 8. Nc3
Qc7 9. Qe2 Bd6 10. dxc5 Bxc5 11. a5 O-O 12. Bd2 Bd6 13. Na4 Ne4 14. Rac1 Nxd2
15. Qxd2 Qb8 16. Rfd1 Bc7 17. Bd3 g6 18. Qc3 Bd8 19. Be4 Qa7 20. Rd2 Rb8 21.
Rcd1 b5 22. axb6 Bxb6 23. Bc6 Nc5 24. Ne5 Nxa4 25. Bxa4 Qc7 26. Nc6 Bb7 27. Rd7
Bxc6 28. Rxc7 Bxa4 29. b3 Bxc7 30. bxa4 Rfc8 31. Qf6 Bd8 32. Qf3 Rb4 33. g3 Kg7
34. Kg2 Bf6 35. a5 Rc5 36. Rd2 Rxa5 37. Qc6 Rb2 38. Rxb2 Bxb2 39. Qb6 Rb5 40.
Qxa6 Rb8 41. Qd6 Rb5 42. Qc6 Rd5 43. Qc2 Bf6 1/2-1/2

[Event "World Youth Open U18 2016"]
[Site "Khanty-Mansiysk RUS"]
[Date "2016.09.25"]
[Round "4.21"]
[White "Timerkhanov, Alexander"]
[Black "Yang, Ching Wei Austin"]
[Result "1/2-1/2"]
[WhiteTitle "FM"]
[BlackTitle "FM"]
[WhiteElo "2340"]
[BlackElo "1997"]
[WhiteFideId "24177938"]
[BlackFideId "16300440"]
[EventDate "2016.09.22"]

1. d4 Nf6 2. Bg5 d5 3. Bxf6 exf6 4. e3 c6 5. g3 Qb6 6. Qc1 Be7 7. Bg2 O-O 8. Ne2
a5 9. Nd2 Be6 10. O-O Nd7 11. Nf4 Bd6 12. Nxe6 fxe6 13. c4 Qa7 14. a3 a4 15. Qc3
Qa5 16. e4 Qxc3 17. bxc3 dxe4 18. c5 Be7 19. Bxe4 f5 20. Bc2 e5 21. Rab1 Ra7 22.
Rfe1 e4 23. Nc4 Bd8 24. Rb4 Nf6 25. Ne3 Ba5 26. Rxa4 Rfa8 27. Bb3+ Kf8 28. Rc1
g6 29. Rc2 Ke7 30. Kf1 Nd7 31. Nc4 b5 32. cxb6 Bxb6 33. Rxa7 Rxa7 34. g4 Bc7 35.
h3 Nb6 36. Nxb6 Rxa3 37. Nc8+ Kd7 38. Bg8 Ra1+ 39. Kg2 f4 40. f3 exf3+ 41. Kxf3
g5 42. Bxh7 Kxc8 43. Be4 Kd7 44. h4 gxh4 45. g5 Rg1 46. Rg2 Rxg2 47. Kxg2 Ke6
48. Kh3 Ba5 49. c4 Bc3 50. Bxc6 Bxd4 51. Kxh4 Kf7 52. Kg4 Be3 53. Kf5 Kg7 54.
Bd5 Bd2 55. Be4 Be3 56. Bf3 Kf7 57. Bh5+ Kg7 58. Bf3 1/2-1/2

[Event "World Youth Open U18 2016"]
[Site "Khanty-Mansiysk RUS"]
[Date "2016.09.25"]
[Round "4.22"]
[White "Holtman, Teodor"]
[Black "Erenberg, Ariel"]
[Result "1/2-1/2"]
[BlackTitle "FM"]
[WhiteElo "2201"]
[BlackElo "2350"]
[WhiteFideId "14933721"]
[BlackFideId "2811634"]
[EventDate "2016.09.22"]

1. e4 c5 2. Nf3 e6 3. d4 cxd4 4. Nxd4 Nc6 5. Nc3 Qc7 6. Be3 a6 7. Be2 b5 8. a3
Bb7 9. f4 Be7 10. O-O Nf6 11. e5 Nxd4 12. Qxd4 Nd5 13. Nxd5 Bxd5 14. Rac1 Rc8
15. Bf3 Bxf3 16. Rxf3 O-O 17. c3 d6 18. exd6 Bxd6 19. Qb6 Qxb6 20. Bxb6 Rc6 21.
Ba5 Bc5+ 22. Kf1 Rfc8 23. Rd1 Rd6 24. Rfd3 Rcc6 25. Bb4 Bxb4 26. axb4 Rxd3 27.
Rxd3 Kf8 28. Rd7 h6 29. Ke2 g5 30. Kf3 Kg7 31. Rd8 gxf4 32. Kxf4 Kf6 33. Ke4 1/2-1/2

[Event "World Youth Open U18 2016"]
[Site "Khanty-Mansiysk RUS"]
[Date "2016.09.25"]
[Round "4.23"]
[White "Khodashenas, Mersad"]
[Black "Georgiev, Todor"]
[Result "1/2-1/2"]
[WhiteElo "2394"]
[BlackElo "2197"]
[WhiteFideId "12514195"]
[BlackFideId "2916088"]
[EventDate "2016.09.22"]

1. e4 c5 2. Nf3 d6 3. d4 cxd4 4. Nxd4 Nf6 5. Nc3 g6 6. Be3 Bg7 7. f3 O-O 8. Qd2
Nc6 9. O-O-O d5 10. Qe1 e5 11. Nxc6 bxc6 12. exd5 Nxd5 13. Bc4 Be6 14. Ne4 Qc7
15. Bc5 Rfe8 16. h4 Nf4 17. Bxe6 Nxe6 18. Bd6 Qb6 19. h5 f5 20. Nc3 Nd4 21. Qf1
Qb7 22. hxg6 hxg6 23. f4 Nb5 24. Bxe5 Bxe5 25. fxe5 Nxc3 26. bxc3 Rab8 27. Rd6
Kg7 28. Kd2 c5 29. Qf2 Rbd8 30. Rh7+ Kxh7 31. Qh4+ Kg8 32. Rxd8 Qxg2+ 33. Kc1
Qf1+ 34. Kb2 Qb5+ 35. Kc1 Qf1+ 36. Kb2 1/2-1/2

[Event "World Youth Open U18 2016"]
[Site "Khanty-Mansiysk RUS"]
[Date "2016.09.25"]
[Round "4.24"]
[White "Krykun, Yuriy"]
[Black "Gretz, Denis"]
[Result "1-0"]
[WhiteTitle "FM"]
[WhiteElo "2242"]
[BlackElo "2339"]
[WhiteFideId "14140667"]
[BlackFideId "12945188"]
[EventDate "2016.09.22"]

1. e4 c5 2. Nf3 d6 3. Bb5+ Nd7 4. d4 cxd4 5. Qxd4 e5 6. Qd3 h6 7. c4 Nf6 8. Nc3
Be7 9. O-O O-O 10. Bxd7 Bxd7 11. a4 Be6 12. b3 Nd7 13. Ba3 a6 14. Rfd1 Qa5 15.
Nd2 Rac8 16. Nf1 Nc5 17. Qc2 Qb6 18. Rab1 f5 19. Bxc5 Qxc5 20. Ne3 g6 21. Qd3 f4
22. Ned5 Bh4 23. Rb2 Rf7 24. Rc2 h5 25. Na2 b5 26. axb5 axb5 27. Rdd2 bxc4 28.
Rxc4 Qa7 29. Rxc8+ Bxc8 30. b4 Be6 31. Nac3 Qa1+ 32. Qf1 Qxf1+ 33. Kxf1 Bd8 34.
Ra2 Rc7 35. Nxc7 Bxa2 36. Nxa2 Bxc7 37. Nc3 Kf7 38. Nd5 Bb8 39. Ke2 Ke6 40. Kd3
Kd7 41. Kc4 g5 42. f3 Ke6 43. Kb5 1-0

[Event "World Youth Open U18 2016"]
[Site "Khanty-Mansiysk RUS"]
[Date "2016.09.25"]
[Round "4.26"]
[White "Kalogeris, Ioannis"]
[Black "Helander, Benjamin"]
[Result "1-0"]
[WhiteElo "2271"]
[BlackElo "1892"]
[WhiteFideId "4239563"]
[BlackFideId "514101"]
[EventDate "2016.09.22"]

1. d4 Nf6 2. c4 g6 3. Nc3 Bg7 4. g3 O-O 5. Bg2 d6 6. Nf3 c6 7. O-O Qb6 8. Qc2
Bf5 9. e4 Bg4 10. c5 Qc7 11. cxd6 exd6 12. Re1 Na6 13. Bf4 Bxf3 14. Bxf3 Nd7 15.
Qd2 Nb6 16. b3 Rfe8 17. Rad1 Rad8 18. a3 Qe7 19. Bg2 Nc7 20. d5 cxd5 21. exd5
Qd7 22. Rxe8+ Nxe8 23. a4 Nf6 24. Nb5 a6 25. Nxd6 Nh5 26. Ne4 Nxf4 27. Qxf4 Nxd5 1-0

[Event "World Youth Open U18 2016"]
[Site "Khanty-Mansiysk RUS"]
[Date "2016.09.25"]
[Round "4.27"]
[White "Kolver, Chris"]
[Black "Ding, Tze How Dilwen"]
[Result "1-0"]
[WhiteTitle "CM"]
[BlackTitle "FM"]
[WhiteElo "1991"]
[BlackElo "2397"]
[WhiteFideId "14307820"]
[BlackFideId "5707641"]
[EventDate "2016.09.22"]

1. d4 d5 2. c4 dxc4 3. e4 Nf6 4. e5 Nd5 5. Bxc4 Nc6 6. Ne2 Bf5 7. O-O e6 8. Nbc3
Nb6 9. Bb3 Nb4 10. a3 N4d5 11. Nxd5 Nxd5 12. Nc3 Nxc3 13. bxc3 Be7 14. c4 c6 15.
Be3 O-O 16. g4 Bg6 17. f4 Qd7 18. d5 b5 19. dxe6 Qxd1 20. Rfxd1 fxe6 21. cxb5
cxb5 22. Bxe6+ Bf7 23. Bxf7+ Rxf7 24. e6 Rff8 25. Rd7 Bf6 26. Rad1 a5 27. g5 Bb2
28. e7 Rfe8 29. Rd8 Kf7 30. Rxa8 1-0

[Event "World Youth Open U18 2016"]
[Site "Khanty-Mansiysk RUS"]
[Date "2016.09.25"]
[Round "4.28"]
[White "Ramacker, Quinten"]
[Black "Petrovskis, Olegs"]
[Result "1/2-1/2"]
[WhiteElo "1947"]
[BlackElo "2159"]
[WhiteFideId "210404"]
[BlackFideId "11603186"]
[EventDate "2016.09.22"]

1. e4 c5 2. Nf3 d6 3. d4 cxd4 4. Nxd4 Nf6 5. Nc3 a6 6. Bg5 e6 7. f4 Be7 8. Qf3
Qc7 9. O-O-O Nbd7 10. g4 h6 11. Bxf6 Bxf6 12. h4 g5 13. hxg5 hxg5 14. Rxh8+ Bxh8
15. fxg5 Ne5 16. Qh3 Ng6 17. Qh7 Bxd4 18. Rxd4 Qc5 19. Qg8+ Ke7 20. Rc4 Qe3+ 21.
Kd1 Ne5 22. Rc7+ Bd7 23. Qxa8 Nf3 24. Rxd7+ Kxd7 25. Qxb7+ Kd8 1/2-1/2

[Event "World Youth Open U18 2016"]
[Site "Khanty-Mansiysk RUS"]
[Date "2016.09.25"]
[Round "4.29"]
[White "Kenenbaev, Aidar"]
[Black "Weerasinghe, C C"]
[Result "1-0"]
[WhiteElo "2143"]
[BlackElo "1884"]
[WhiteFideId "13801180"]
[BlackFideId "9921087"]
[EventDate "2016.09.22"]

1. Nf3 c5 2. g3 Nc6 3. Bg2 g6 4. O-O Bg7 5. c4 e6 6. Nc3 Nge7 7. e3 O-O 8. d4
cxd4 9. exd4 d5 10. cxd5 Nxd5 11. Nxd5 Qxd5 12. Ne5 Qxd4 13. Nxc6 bxc6 14. Qxd4
Bxd4 15. Rd1 Bg7 16. Be3 Ba6 17. Bxc6 Rac8 18. Be4 Rb8 19. Rab1 Bb7 20. Bxb7
Rxb7 21. b3 Bf6 22. Bh6 Rd8 23. Rxd8+ Bxd8 24. Rd1 Bf6 1-0

[Event "World Youth Open U18 2016"]
[Site "Khanty-Mansiysk RUS"]
[Date "2016.09.25"]
[Round "4.30"]
[White "Maltezeanu, Stefan"]
[Black "Oner, Oguz"]
[Result "1-0"]
[WhiteElo "1734"]
[BlackElo "1962"]
[WhiteFideId "4004655"]
[BlackFideId "6329330"]
[EventDate "2016.09.22"]

1. e4 e5 2. Nf3 Nc6 3. Bb5 a6 4. Bxc6 dxc6 5. O-O Qf6 6. d4 exd4 7. Qxd4 Qxd4 8.
Nxd4 Bd7 9. Nc3 O-O-O 10. Be3 Ne7 11. Rad1 Ng6 12. Nb3 b6 13. f4 Bb4 14. Bd4 f6
15. a3 Bxc3 16. Bxc3 Rhe8 17. Rde1 Re7 18. Nd2 c5 19. f5 Ne5 20. Bxe5 Rxe5 21.
Nf3 Ree8 22. g4 Bc6 23. e5 Bxf3 24. Rxf3 Rxe5 25. Rxe5 fxe5 26. Re3 Rd1+ 27. Kf2
Rd2+ 28. Kg3 Rxc2 29. Rxe5 Rxb2 30. g5 Rd2 31. f6 Rd7 32. Re8+ Kb7 33. Re7 Rd3+
34. Kf4 gxf6 35. gxf6 Rd8 36. f7 Rf8 37. Ke5 b5 38. Ke6 b4 39. axb4 cxb4 40. Re8
Rxf7 41. Kxf7 Kc6 42. Ke6 Kc5 43. Re7 c6 44. Rxh7 Kc4 45. Ra7 c5 46. h4 Kd3 47.
h5 c4 48. h6 b3 49. h7 b2 50. h8=Q 1-0

[Event "World Youth Open U18 2016"]
[Site "Khanty-Mansiysk RUS"]
[Date "2016.09.25"]
[Round "4.31"]
[White "Roos, Lucas"]
[Black "Noguchi, Takaya"]
[Result "1-0"]
[WhiteElo "1830"]
[BlackElo "1491"]
[WhiteFideId "14308673"]
[BlackFideId "7002270"]
[EventDate "2016.09.22"]

1. e4 c6 2. d3 d5 3. Nd2 e5 4. Ngf3 Bd6 5. g3 Nf6 6. Bg2 O-O 7. O-O Nbd7 8. Re1
Re8 9. Nf1 a5 10. Nh4 b5 11. Nf5 Bc7 12. h4 Bb7 13. g4 Nb6 14. g5 Nfd7 15. h5
Bc8 16. Qf3 Nf8 17. h6 Bxf5 18. exf5 g6 19. Ne3 e4 20. dxe4 dxe4 21. Qg4 Qd6 22.
Bxe4 Qh2+ 23. Kf1 Qh5 24. Qxh5 gxh5 25. Bxc6 1-0

[Event "World Youth Open U18 2016"]
[Site "Khanty-Mansiysk RUS"]
[Date "2016.09.25"]
[Round "4.32"]
[White "Shih, Yu-An"]
[Black "Yoshida, Haruki"]
[Result "1/2-1/2"]
[WhiteElo "1493"]
[BlackElo "1750"]
[WhiteFideId "16300645"]
[BlackFideId "7002076"]
[EventDate "2016.09.22"]

1. e4 e6 2. Qe2 b6 3. Nc3 Bb7 4. d3 Bb4 5. Bd2 Nc6 6. Nf3 Nge7 7. a3 Bc5 8. g3
Ng6 9. Bg2 O-O 10. O-O Nd4 11. Nxd4 Bxd4 12. Nd1 f5 13. c3 Bc5 14. d4 Be7 15. f4
a5 16. Re1 Nh8 17. exf5 Bxg2 18. Kxg2 Rxf5 19. Ne3 Rf7 20. Ng4 Ng6 21. Rf1 Qb8
22. Ne5 Nxe5 23. fxe5 Qb7+ 24. Kg1 Raf8 25. Qg2 Qa6 26. Rxf7 Rxf7 27. Rf1 Rxf1+
28. Qxf1 Qxf1+ 29. Kxf1 a4 30. Ke2 Kf7 31. Kd3 Ke8 32. Be3 b5 33. c4 c6 34. c5
Kf7 35. Ke4 Bd8 36. Bd2 h5 37. h3 Kg6 38. Kf3 Bg5 39. Bxg5 Kxg5 40. Ke4 g6 41.
Ke3 Kf5 42. Kf3 Kg5 43. Ke3 Kh6 44. Kf4 g5+ 1/2-1/2

[Event "World Youth Open U18 2016"]
[Site "Khanty-Mansiysk RUS"]
[Date "2016.09.26"]
[Round "5.1"]
[White "Vavulin, Maksim"]
[Black "Rakotomaharo, Fy Antenaina"]
[Result "1-0"]
[WhiteTitle "IM"]
[BlackTitle "FM"]
[WhiteElo "2582"]
[BlackElo "2439"]
[WhiteFideId "4169530"]
[BlackFideId "13100050"]
[EventDate "2016.09.22"]

1. e4 c5 2. Nf3 d6 3. d4 cxd4 4. Nxd4 Nf6 5. Nc3 a6 6. Qd3 g6 7. Bg5 Nbd7 8.
O-O-O h6 9. Bh4 e5 10. Nb3 Be7 11. Qd2 b5 12. a3 Bb7 13. f3 Qc7 14. Kb1 Kf8 15.
Bf2 Rd8 16. Be3 Kg7 17. Qf2 Nc5 18. Be2 Rc8 19. Rd2 Qb8 20. Rc1 Bc6 21. Nxc5
dxc5 22. Bxc5 Bxc5 23. Qxc5 Bxe4 24. Qb4 Bc6 25. Rcd1 Qc7 26. Qd6 Rhe8 27. Qxc7
Rxc7 28. Rd8 Kf8 29. Ka2 e4 30. Rxe8+ Kxe8 31. Kb3 exf3 32. gxf3 Nh5 33. Rd4 g5
34. Kb4 Nf4 35. Bd1 Bb7 36. Ka5 Rc6 37. Ne4 Ke7 38. c3 Ne6 39. Rd2 Ng7 40. b4
Nf5 41. Nc5 Bc8 42. a4 Rf6 43. axb5 axb5 44. Kxb5 Nd6+ 45. Ka4 h5 46. Rd4 Nf5
47. Re4+ Kd8 48. b5 Nh4 49. Rd4+ Kc7 50. Ne4 Rf4 51. Nxg5 Rxd4+ 52. cxd4 Nf5 53.
f4 Nxd4 54. Bxh5 Bd7 55. Bxf7 Bxb5+ 56. Kb4 Bd7 57. Bc4 Kd6 58. Kc3 Nf5 59. Kd3
Ke7 60. Bd5 Kf6 61. Ke4 Nd6+ 62. Kf3 Nf5 63. Ne4+ Kg6 64. Ng3 Nh4+ 65. Ke3 Kf6
66. Be4 Bc8 67. Kd4 Bh3 68. Ke3 Bg4 69. Kf2 Bc8 70. Nh5+ Kf7 71. Kg3 Nf5+ 72.
Kf3 Bd7 73. Bxf5 Bxf5 74. Ng3 Bc2 75. f5 Kg7 76. Kf4 Kh6 77. Ke5 Kg5 78. Ke6
Bb3+ 79. Ke7 Kh6 80. f6 Kg6 81. h4 Ba2 82. h5+ Kh6 83. f7 Bxf7 84. Kxf7 Kh7 85.
Nf5 Kh8 86. Kg6 1-0